Normal view
MARC view
- Hirsch, Robert.
Entry Personal Name
001 - CONTROL NUMBER
- control field: 50721
003 - CONTROL NUMBER IDENTIFIER
- control field: OSt
005 - DATE AND TIME OF LATEST TRANSACTION
- control field: 20240118134047.0
008 - FIXED-LENGTH DATA ELEMENTS
- fixed length control field: 240118|| aca||aabn | a|a d
040 ## - CATALOGING SOURCE
- Original cataloging agency: OSt
- Transcribing agency: OSt
100 ## - HEADING--PERSONAL NAME
- Personal name: Hirsch, Robert.
670 ## - SOURCE DATA FOUND
- Source citation: Work cat.: (OSt): Hirsch, Robert., Light and lens :, ©2023.
